| 000 | 00368nam a2200157Ia 4500 | ||
|---|---|---|---|
| 008 | 160316s1993 xxu||||| |||| 00| 0 eng d | ||
| 082 |
_a0.000000 _b |
||
| 100 | _a | ||
| 245 | _aActivities of the council of Europe : 1992 report | ||
| 250 | _a | ||
| 260 |
_aStrasbourg _bCouncil of Europe _c1993 |
||
| 300 |
_a146p _b _c |
||
| 365 | _b | ||
| 650 | _a | ||
| 700 |
_a _a |
||
| 999 |
_c18061 _d18061 |
||